000 01275cam a2200313 4500
008 040323n2004 000 0 eng u
020 _a184219187X
035 _a(Sirsi) u125540
041 _aeng
050 _a711.52
_c18
100 _aSwanwick, Carys
245 4 _aThe role of parks and urban spaces in urban vitality
_bthe research agenda
260 _aLondon
_bRICS Foundation
_c2004
300 _a31p.
_c30cm.
490 _aRICS Foundation Scoping Studies
520 _aThis report explores the contribution that parks and open spaces make to urban vitality. The paper identifies three broad themes to focus research on: the relationships between open spaces and vitality in commercial centres; open spaces and the development of neighbourhood vitality; and the role of parks and open spaces in altering the perceptions of cities. Bibliography.
650 _aOPEN SPACES
650 _aURBAN AREAS
650 _aPARKS
650 _aURBAN RENEWAL
650 _aGREEN SPACES
690 _aREGENERATION
700 _aHinchley, Andrew
700 _aWoolley, Helen
700 _aDunnett, Nigel
710 _aRoyal Institution of Chartered Surveyors
_bFoundation
_94173
710 _aUniversity of Sheffield Department of Landscape
_94664
942 _n0
999 _c103432
_d103432